[Event "Mashhad Ferdowsi op 9th"]
[Site "Mashhad"]
[Date "2019.03.02"]
[Round "2"]
[White "Amini, Amer"]
[Black "Mosadeghpour, Masoud"]
[Result "0-1"]
[WhiteElo "2290"]
[BlackElo "2542"]
[PlyCount "68"]
[EventDate "2019.03.01"]
[EventType "swiss"]
[EventRounds "9"]
[EventCountry "IRI"]
[SourceTitle "CBM 189 Extra"]
[Source "ChessBase"]
[SourceDate "2019.06.03"]
[SourceVersion "1"]
[SourceVersionDate "2019.06.03"]
[SourceQuality "1"]

1. b3 Nf6 2. Bb2 g6 3. Nf3 Bg7 4. e3 c5 5. Be2 0-0 6. 0-0 d5 7. d4 Ne4 8. Nbd2 Nc6 9. c3 f5 10. Qc2 cxd4 11. cxd4 Be6 12. Rac1 Rc8 13. Qb1 Qd6 14. Bb5 Bd7 15. Bxc6 Bxc6 16. Nxe4 dxe4 17. Ne5 Bxe5 18. dxe5 Qe6 19. Bd4 a5 20. Rc5 g5 21. Qd1 f4 22. Qh5 f3 23. g4 h6 24. Rfc1 a4 25. bxa4 Be8 26. Qh3 Rxc5 27. Rxc5 h5 28. Qf1 Qxg4+ 29. Kh1 e6 30. Qg1 Qf5 31. a5 h4 32. Rc7 Bh5 33. Qc1 Qh3 34. Qg1 g4 0-1

[Event "Mashhad Ferdowsi op 6th"]
[Site "Mashhad"]
[Date "2016.01.30"]
[Round "3"]
[White "Amini, Amer"]
[Black "Zubarev, Alexander2222"]
[Result "0-1"]
[WhiteElo "2111"]
[BlackElo "2553"]
[PlyCount "84"]
[EventDate "2016.01.29"]
[EventType "swiss"]
[EventRounds "9"]
[EventCountry "IRI"]
[SourceTitle "CBM 170 Extra"]
[Source "ChessBase"]
[SourceDate "2016.02.25"]
[SourceVersion "1"]
[SourceVersionDate "2016.02.25"]
[SourceQuality "1"]

1. c4 b6 2. Nf3 Bb7 3. g3 Bxf3 4. exf3 c5 5. Bg2 Nc6 6. 0-0 g6 7. Nc3 Bg7 8. f4 Nh6 9. Re1 0-0 10. d3 Nf5 11. Be3 e6 12. Qd2 Rc8 13. Rad1 d6 14. b3 Qd7 15. Qc1 Rfd8 16. Ne2 d5 17. Qb1 Nce7 18. Bd2 Nd4 19. Nxd4 Bxd4 20. Bf3 Rc6 21. b4 Rd6 22. bxc5 bxc5 23. Be3 Rb6 24. Qc1 Bxe3 25. Qxe3 Qd6 26. cxd5 Nxd5 27. Bxd5 Qxd5 28. Rc1 Rb5 29. Red1 Qf5 30. d4 Qd5 31. Qe2 cxd4 32. Rxd4 Qxd4 33. Qxb5 Qd2 34. Qc4 Qb2 35. a4 Rd2 36. Rf1 Qd4 37. Qb3 h5 38. h4 Kg7 39. Qb5 Rb2 40. Qc6 Ra2 41. a5 Rxa5 42. Qc2 Ra1 0-1

[Event "Avicenna op 12th"]
[Site "Hamedan"]
[Date "2015.09.07"]
[Round "8"]
[White "Amini, Amer"]
[Black "Toufighi, Homayoon"]
[Result "1/2-1/2"]
[WhiteElo "2112"]
[BlackElo "2400"]
[PlyCount "48"]
[EventDate "2015.09.02"]
[EventType "swiss"]
[EventRounds "11"]
[EventCountry "IRI"]
[SourceTitle "EXT 2016"]
[Source "ChessBase"]
[SourceDate "2015.10.08"]
[SourceVersion "1"]
[SourceVersionDate "2015.10.08"]
[SourceQuality "1"]

1. c4 g6 2. Nc3 Bg7 3. g3 d6 4. Bg2 e5 5. Nf3 Ne7 6. 0-0 c6 7. b3 0-0 8. Bb2 f5 9. b4 e4 10. Ne1 d5 11. cxd5 cxd5 12. Qb3 Nbc6 13. Nc2 Ne5 14. Na4 Bd7 15. Nc5 b6 16. Nxd7 Qxd7 17. d3 Ng4 18. Bxg7 Kxg7 19. dxe4 dxe4 20. Rad1 Qc8 21. Nd4 Kh8 22. Ne6 Rf6 23. Rd8+ Qxd8 24. Nxd8 Rxd8 1/2-1/2

[Event "Gorgan Fajr Cup"]
[Site "Gorgan"]
[Date "2015.02.01"]
[Round "7"]
[White "Amini, Amer"]
[Black "Farrokhi, Masoud"]
[Result "1/2-1/2"]
[WhiteElo "2094"]
[BlackElo "1961"]
[PlyCount "99"]
[EventDate "2015.01.28"]
[EventType "swiss"]
[EventRounds "9"]
[EventCountry "IRI"]
[SourceTitle "EXT 2016"]
[Source "ChessBase"]
[SourceDate "2015.10.08"]
[SourceVersion "1"]
[SourceVersionDate "2015.10.08"]
[SourceQuality "1"]

1. c4 b6 2. Nf3 Bb7 3. g3 e6 4. Bg2 c5 5. 0-0 Qc7 6. Nc3 a6 7. d3 Nf6 8. Bf4 d6 9. Rc1 Be7 10. e4 Nbd7 11. Qe2 0-0 12. d4 Nh5 13. Be3 Nhf6 14. Nd2 Rfd8 15. d5 Ne5 16. dxe6 fxe6 17. Bh3 Bc8 18. f4 Nc6 19. Nf3 d5 20. e5 Ne8 21. Bf2 g6 22. Rcd1 d4 23. Ne4 Ng7 24. Nfg5 Rf8 25. Qd2 Nd8 26. g4 Bb7 27. Bg2 Kh8 28. Bg3 Qd7 29. Qd3 Nc6 30. Bh4 Nb4 31. Qh3 h6 32. Be1 h5 33. Bxb4 cxb4 34. gxh5 gxh5 35. Bf3 Bxg5 36. Nxg5 Bxf3 37. Rxf3 Rad8 38. Ne4 Qf7 39. Nf6 Qg6+ 40. Rg3 Qh6 41. Rg5 Rxf6 42. exf6 Qxf6 43. Qg3 Rd7 44. Rd3 Rf7 45. Rf3 Kh7 46. Qh4 d3 47. Rfg3 Qd4+ 48. Kg2 Qe4+ 49. Kh3 Qe2 50. Rg2 1/2-1/2

[Event "Tehran Alborz op 1st"]
[Site "Tehran"]
[Date "2014.03.07"]
[Round "3"]
[White "Amini, Amer"]
[Black "Ahmadinia, Ebrahim"]
[Result "0-1"]
[WhiteElo "2124"]
[BlackElo "2373"]
[PlyCount "66"]
[EventDate "2014.03.06"]
[EventType "swiss"]
[EventRounds "11"]
[EventCountry "IRI"]
[SourceTitle "CBM 159 Extra"]
[Source "ChessBase"]
[SourceDate "2014.04.24"]
[SourceVersion "1"]
[SourceVersionDate "2014.04.24"]
[SourceQuality "1"]

1. c4 g6 2. Nc3 Bg7 3. g3 Nf6 4. Bg2 0-0 5. Nf3 d6 6. d4 Nbd7 7. 0-0 e5 8. e4 a6 9. h3 exd4 10. Nxd4 Re8 11. Re1 Rb8 12. Be3 c5 13. Nde2 Ne5 14. b3 b5 15. f4 Ned7 16. cxb5 axb5 17. Qc2 b4 18. Na4 Nxe4 19. Rad1 Bb7 20. Kh2 Bc6 21. Bg1 Qc7 22. Nd4 Bxd4 23. Bxd4 Nef6 24. Ba1 Bxg2 25. Qxg2 d5 26. Be5 Nxe5 27. fxe5 Rxe5 28. Rxe5 Qxe5 29. Nxc5 h5 30. Rf1 h4 31. Qf2 hxg3+ 32. Qxg3 Qxg3+ 33. Kxg3 Ne4+ 0-1

[Event "Bojnord"]
[Site "Bojnord"]
[Date "2012.05.14"]
[Round "9"]
[White "Naseri, Nourallah"]
[Black "Amini, Amer"]
[Result "0-1"]
[WhiteElo "1834"]
[BlackElo "2192"]
[PlyCount "104"]
[EventDate "2012.05.09"]
[EventType "tourn"]
[EventRounds "13"]
[EventCountry "IRI"]
[SourceTitle "EXT 2013"]
[Source "ChessBase"]
[SourceDate "2012.11.22"]
[SourceVersion "1"]
[SourceVersionDate "2012.11.22"]
[SourceQuality "1"]

1. e4 c6 2. d4 d5 3. Nc3 dxe4 4. Nxe4 Nf6 5. Nxf6+ exf6 6. Nf3 Bd6 7. c3 0-0 8. Be2 Qc7 9. 0-0 Be6 10. Bd3 Re8 11. h3 Nd7 12. Be3 g6 13. Bh6 Bf4 14. Bxf4 Qxf4 15. Qd2 Qxd2 16. Nxd2 Rad8 17. Nf3 Bd5 18. Nd2 f5 19. Rae1 a6 20. b3 Kf8 21. Nc4 Bxc4 22. Bxc4 Nb6 23. Be2 Nd5 24. c4 Nf4 25. Bf3 Rxd4 26. Rd1 Red8 27. Kh2 Ke7 28. Rfe1+ Ne6 29. g4 fxg4 30. Bxg4 Rxd1 31. Rxd1 f5 32. Rxd8 Nxd8 33. Bf3 Kd6 34. b4 Ke5 35. Kg3 b6 36. a4 a5 37. b5 c5 38. Kh4 h6 39. Kg3 Ne6 40. Bd5 Nf4 41. Bf7 g5 42. h4 Ne2+ 43. Kh3 Nc3 44. hxg5 hxg5 45. Kg3 Nxa4 46. Kf3 Nc3 47. Ke3 g4 48. Kd3 Ne4 49. Ke3 f4+ 50. Ke2 a4 51. f3 gxf3+ 52. Kxf3 a3 0-1

[Event "Fajr op 20th"]
[Site "Tabriz"]
[Date "2012.01.13"]
[Round "2"]
[White "Pantsulaia, Levan"]
[Black "Amini, Amer"]
[Result "1-0"]
[WhiteElo "2592"]
[BlackElo "2165"]
[PlyCount "103"]
[EventDate "2012.01.12"]
[EventType "swiss"]
[EventRounds "11"]
[EventCountry "IRI"]
[SourceTitle "CBM 146 Extra"]
[Source "ChessBase"]
[SourceDate "2012.02.29"]
[SourceVersion "1"]
[SourceVersionDate "2012.02.29"]
[SourceQuality "1"]

1. c4 e5 2. Nc3 Nf6 3. Nf3 Nc6 4. a3 d5 5. cxd5 Nxd5 6. Qc2 Be7 7. e3 0-0 8. Nxd5 Qxd5 9. Bd3 h6 10. b4 Be6 11. Be4 Qd6 12. Bb2 Bf6 13. Rc1 Bd5 14. 0-0 a6 15. d3 Rad8 16. Rfd1 Rd7 17. Nd2 Qe6 18. d4 Bxe4 19. Nxe4 Be7 20. dxe5 Rxd1+ 21. Rxd1 Nxe5 22. Rd4 Nc6 23. Rc4 Rd8 24. Ng3 Qd5 25. Kf1 Bf8 26. Nf5 g6 27. Nd4 Qh5 28. Nf3 Qd5 29. Qc3 Qd3+ 30. Qxd3 Rxd3 31. Ke2 Rb3 32. Bc1 Bg7 33. Kd2 Rb1 34. Kc2 Ra1 35. Nd2 Kf8 36. Kb3 Ne5 37. Rc3 Ng4 38. Rxc7 Nxf2 39. Nf3 Ne4 40. Nd4 Be5 41. Rc8+ Ke7 42. Kb2 Rxc1 43. Rxc1 Nf2 44. Kb3 Bxh2 45. Ka4 Ne4 46. Rh1 Bc7 47. Rxh6 Nc3+ 48. Kb3 Nd5 49. Rh3 Bb6 50. Kc4 Kd6 51. Rf3 f6 52. e4 1-0

[Event "Hamedan 4th"]
[Site "Hamedan"]
[Date "2012.01.04"]
[Round "9"]
[White "Amini, Amer"]
[Black "Salim, Mehdi"]
[Result "1-0"]
[WhiteElo "2201"]
[BlackElo "1419"]
[PlyCount "64"]
[EventDate "2011.12.30"]
[EventType "tourn"]
[EventRounds "13"]
[EventCountry "IRI"]
[SourceTitle "EXT 2013"]
[Source "ChessBase"]
[SourceDate "2012.11.22"]
[SourceVersion "1"]
[SourceVersionDate "2012.11.22"]
[SourceQuality "1"]

1. c4 Nf6 2. Nc3 e6 3. e4 d5 4. cxd5 exd5 5. e5 Ne4 6. Nf3 Nc6 7. Qa4 Nc5 8. Qd1 d4 9. Na4 Qd5 10. Bb5 Bg4 11. Nxc5 Bxc5 12. 0-0 0-0-0 13. Bxc6 Qxc6 14. d3 Rhe8 15. Bf4 Bxf3 16. Qxf3 Qxf3 17. gxf3 g5 18. Bg3 h5 19. h3 Rg8 20. Rfe1 Rdf8 21. Rac1 Bb6 22. b4 f5 23. exf6 Rxf6 24. a4 a5 25. b5 Rf7 26. Re6 Kd7 27. Rh6 h4 28. Bh2 Rgf8 29. f4 gxf4 30. Rxh4 Re8 31. Rxf4 Rxf4 32. Bxf4 Re7 1-0

[Event "Adelaide-ch"]
[Site "Adelaide"]
[Date "2005.08.16"]
[Round "6"]
[White "Cooke, Tristrom"]
[Black "Amini, Amer"]
[Result "0-1"]
[WhiteElo "1584"]
[BlackElo "1724"]
[PlyCount "62"]
[EventDate "2005.07.12"]
[EventType "swiss"]
[EventRounds "7"]
[EventCountry "AUS"]
[SourceTitle "EXT 2010"]
[Source "ChessBase"]
[SourceDate "2010.11.25"]
[SourceVersion "1"]
[SourceVersionDate "2010.11.25"]
[SourceQuality "1"]

1. e4 d6 2. d4 c5 3. Nf3 cxd4 4. Nxd4 Nf6 5. Nc3 a6 6. Bd3 Nc6 7. Nxc6 bxc6 8. Qe2 Qb6 9. b3 g6 10. Na4 Qa5+ 11. Bd2 Qc7 12. 0-0 Bg7 13. Rae1 0-0 14. c4 Ng4 15. f3 Ne5 16. f4 Nxd3 17. Qxd3 f5 18. Bc3 e5 19. Rd1 fxe4 20. Qxe4 Bg4 21. Rd2 Bf5 22. Qe2 Bh6 23. g4 Bd7 24. g5 Bg7 25. fxe5 Rxf1+ 26. Kxf1 Bh3+ 27. Kg1 dxe5 28. Qe3 Qc8 29. Bxe5 Qg4+ 30. Bg3 Rf8 31. Rf2 Bd4 0-1

[Event "Adelaide-ch"]
[Site "Adelaide"]
[Date "2005.08.02"]
[Round "4"]
[White "Garcia Blanco, Miguel"]
[Black "Amini, Amer"]
[Result "1/2-1/2"]
[WhiteElo "1616"]
[BlackElo "1724"]
[PlyCount "40"]
[EventDate "2005.07.12"]
[EventType "swiss"]
[EventRounds "7"]
[EventCountry "AUS"]
[SourceTitle "EXT 2010"]
[Source "ChessBase"]
[SourceDate "2010.11.25"]
[SourceVersion "1"]
[SourceVersionDate "2010.11.25"]
[SourceQuality "1"]

1. c4 c6 2. e4 d5 3. cxd5 cxd5 4. exd5 Qxd5 5. Nc3 Qd6 6. d4 Nf6 7. Nf3 g6 8. Nb5 Qe6+ 9. Be3 Na6 10. Qa4 Bd7 11. Ne5 Rc8 12. Nxd7 Qxd7 13. Nd6+ exd6 14. Bb5 Rc6 15. d5 Nxd5 16. Qd4 Qe6 17. Bxc6+ bxc6 18. Qxh8 Nxe3 19. fxe3 Qxe3+ 20. Kf1 Qf4+ 1/2-1/2

[Event "IRI-chT"]
[Site "Iran"]
[Date "2005.06.10"]
[Round "5"]
[White "Ibrahimov, Rasul"]
[Black "Amini, Amer"]
[Result "1-0"]
[WhiteElo "2511"]
[BlackElo "2267"]
[PlyCount "93"]
[EventDate "2005.05.26"]
[EventType "team"]
[EventRounds "11"]
[EventCountry "IRI"]
[SourceTitle "CBM 106 Extra"]
[Source "ChessBase"]
[SourceDate "2005.07.01"]
[SourceVersion "1"]
[SourceVersionDate "2005.07.01"]
[SourceQuality "1"]

1. Nf3 d5 2. g3 Nf6 3. Bg2 g6 4. c4 c6 5. b3 Bg7 6. Bb2 0-0 7. 0-0 a5 8. d3 Qb6 9. Nbd2 a4 10. Bc3 Ne8 11. d4 Nd7 12. cxd5 cxd5 13. bxa4 Qa6 14. Bb4 Nd6 15. a5 Re8 16. a3 e6 17. e3 Bf8 18. Re1 b5 19. axb6 Qxb6 20. Qb3 Ba6 21. Bf1 Reb8 22. Reb1 Bxf1 23. Kxf1 Ne4 24. Qd3 Bxb4 25. axb4 Rxa1 26. Rxa1 Qxb4 27. Nxe4 dxe4 28. Qxe4 Nc5 29. Qc2 Qb7 30. Ng1 Ne4 31. f3 Nf6 32. e4 Rd8 33. Ne2 Qb5 34. Kf2 Qh5 35. h4 Qb5 36. Qc7 Rf8 37. Ra7 Qb1 38. Rb7 Qh1 39. Rb8 Qh2+ 40. Ke3 Nh5 41. Rxf8+ Kxf8 42. d5 exd5 43. exd5 Qh3 44. g4 Nf6 45. Qb8+ Ne8 46. Qb4+ Kg7 47. Qe7 1-0

[Event "Adelaide Interclub"]
[Site "Adelaide"]
[Date "2004.??.??"]
[Round "8"]
[White "Amini, Amer"]
[Black "Stiepan, Hans Michael"]
[Result "0-1"]
[WhiteElo "1820"]
[BlackElo "2025"]
[PlyCount "108"]
[EventDate "2004.??.??"]
[EventType "team"]
[EventRounds "9"]
[EventCountry "AUS"]
[SourceTitle "EXT 2007"]
[Source "ChessBase"]
[SourceDate "2006.11.23"]
[SourceVersion "1"]
[SourceVersionDate "2006.11.23"]
[SourceQuality "1"]

1. d4 Nf6 2. c4 e6 3. f3 d5 4. Nc3 c5 5. cxd5 cxd4 6. Qa4+ Bd7 7. Qxd4 exd5 8. Nxd5 Qa5+ 9. Nc3 Bc5 10. Qe5+ Be6 11. Qg5 0-0 12. Be3 Nbd7 13. Bxc5 Nxc5 14. h4 Nd5 15. Kf2 Nxc3 16. bxc3 Qxc3 17. Rc1 Qd4+ 18. Qe3 Qxe3+ 19. Kxe3 Rac8 20. Ra1 Rfd8 21. Nh3 f6 22. Nf4 Bf7 23. g3 Na4 24. Bh3 Rc2 25. Rhd1 Re8+ 26. Kf2 g5 27. Bd7 gxf4 28. Bxe8 fxg3+ 29. Kxg3 Bxe8 30. Rd8 Rxe2 31. Rc1 Re7 32. Rcc8 Kf7 33. h5 h6 34. Kf4 b6 35. a3 Nc5 36. Kg3 Ne6 37. Rd3 b5 38. Rd6 Ng7 39. Ra6 Nxh5+ 40. Kh4 Ng7 41. Ra8 Kg6 42. R8xa7 Nf5+ 43. Kg4 h5+ 44. Kf4 Re1 45. Ra8 Rh1 46. Ke4 h4 47. Kd3 Bf7 48. Rb6 Bc4+ 49. Kc3 Ne7 50. Rd6 h3 51. a4 h2 52. Rh8 Nd5+ 53. Kd2 bxa4 54. f4 Ra1 0-1